000 00443nam a2200181Ia 4500
008 151018s9999 xx 000 0 und d
082 _bRBASDV1856
_a823
100 _aGrant Edwards
245 _aThe office scandal
250 _b1
260 _bThe london Book co.
_c1937
300 _a248
600 _aGrant Edwards
630 _aThe office scandal
700 _aGrant Edwards
730 _aThe office scandal
942 _cBOOK
999 _c1004281
_d1004278